Taylor Swift - Chansons écrites pour d'autres chanteurs - Statistiques

Statistiques générales
  • Ce quiz a été pris 42 fois
  • Le résultat moyen est 2 sur 6
Statistiques - réponses
Hint Réponse % Correct
Pour Calvin Harris & Rihanna This Is What You Came For
97%
Pour Miley Cyrus You'll Always Find Your Way Back Home
41%
Pour Little Big Town Better Man
34%
Pour Shea Fisher Bein' With My Baby
21%
Pour Kellie Pickler Best Days of Your Life
21%
Pour Britni Hoover This Is Really Happening
17%
Aucun quiz correspondant
Distribution des résultats
% des personnes avec chaque résultat
Percentile par nombre de réponses
Votre historique - résultats
Vous n’avez pas pris ce quiz